Construction technology 1: (Record no. 153537)
[ view plain ]
| 000 -LEADER | |
|---|---|
| fixed length control field | 00749nam a2200253 a 4500 |
| 008 - FIXED-LENGTH DATA ELEMENTS--GENERAL INFORMATION | |
| fixed length control field | |
| 020 ## - INTERNATIONAL STANDARD BOOK NUMBER | |
| International Standard Book Number | 0333804562 (pbk.) |
| 049 ## - LOCAL HOLDINGS (OCLC) | |
| Holding library | MAIN |
| 090 ## - LOCALLY ASSIGNED LC-TYPE CALL NUMBER (OCLC); LOCAL CALL NUMBER (RLIN) | |
| Classification number (OCLC) (R) ; Classification number, CALL (RLIN) (NR) | TH4811 RIL |
| 003 - CONTROL NUMBER IDENTIFIER | |
| control field | |
| 005 - DATE AND TIME OF LATEST TRANSACTION | |
| control field | 20230123133725.0 |
| 040 ## - CATALOGING SOURCE | |
| Transcribing agency | NUST |
| 100 1# - MAIN ENTRY--PERSONAL NAME | |
| Personal name | Riley, Mike |
| 245 10 - TITLE STATEMENT | |
| Title | Construction technology 1: |
| Remainder of title | house construction/ |
| Statement of responsibility, etc. | Mike Riley, Chris Howard |
| 246 ## - VARYING FORM OF TITLE | |
| Title proper/short title | House construction: |
| Remainder of title | construction technology 1. |
| 260 ## - PUBLICATION, DISTRIBUTION, ETC. | |
| Place of publication, distribution, etc. | s.l: |
| Name of publisher, distributor, etc. | Palgrave, |
| Date of publication, distribution, etc. | 19.. |
| 300 ## - PHYSICAL DESCRIPTION | |
| Extent | ix, 357 p. : |
| Other physical details | ill. ; |
| Dimensions | 25 cm |
| 500 ## - GENERAL NOTE | |
| General note | Includes index. |
| 500 ## - GENERAL NOTE | |
| General note | Library copy title page verso torn. |
| 650 #1 - SUBJECT ADDED ENTRY--TOPICAL TERM | |
| Topical term or geographic name entry element | Construction. |
| 700 ## - ADDED ENTRY--PERSONAL NAME | |
| Personal name | Howard, Chris |
| 907 ## - LOCAL DATA ELEMENT G, LDG (RLIN) | |
| a | .b10124226 |
| b | 23-02-07 |
| c | 02-06-04 |
| 942 ## - ADDED ENTRY ELEMENTS (KOHA) | |
| Koha item type | Ordinary Loan Books |
| Call number prefix | TH4811 RIL |
| Date last seen | Total Checkouts | Full call number | Barcode | Cost, replacement price | Price effective from | Koha item type | Lost status | Source of classification or shelving scheme | Damaged status | Not for loan | Collection | Withdrawn status | Home library | Current library | Shelving location | Date acquired | Cost, normal purchase price |
|---|---|---|---|---|---|---|---|---|---|---|---|---|---|---|---|---|---|
| 01/23/2023 | 63 | TH4811 RIL | 92003010968 | 80.00 | 01/23/2023 | BOOKS | LCC | NFIC | MAIN | MAIN | GEN | 01/23/2023 | 80.00 |